Strong medicine / (Registro nro. 14174)

Detalles MARC
000 -LIDER
fixed length control field 00618nam a2200217 4500
003 - IDENTIFICACDOR DE NÚMERO DE CONTROL
control field DO-SdBNP
005 - DATE AND TIME OF LATEST TRANSACTION
control field 20220428121828.0
008 - ELEMENTOS DE LONGITUD FIJA
fixed length control field 180308s1984 xx
040 ## - FUENTE DE CATALOGACIÓN
Agencia que crea de manera original el registro BPMSU
Idioma de catalogación spa
Agencia que realiza la transcripción BPMSU
082 ## - NÚMERO DE CLASIFICACIÓN DECIMAL DE DEWEY
Classification number 813.5
Item number H151s 1983
Edition number 22
100 1# - ASIENTO PRINCIPAL -- NOMBRE PERSONAL
Nombre personal Hailey, Arthur,
Fechas asociadas con el nombre 1920-
Títulos u otras palabras asociadas con el nombre
245 00 - MENCIÓN DE TITULO
Título Strong medicine /
Mención de responsabilidad Arthur Hailey.
Número de la parte o sección de una obra
Nombre de la parte o sección de una obra
Medio (Designación general de material)
Subtítulo
246 30 - VARIACION DEL TÍTULO
Título propiamente dicho o título corto Love and let die
260 ## - PUBLICACIÓN, DISTRIBUCIÓN, ETC. (PIE DE IMPRENTA)
Lugar de publicación, distribución, etc Garden City, (New York) :
Nombre del editor, distribuidor, etc. Doubleday & Company,
Fecha de publicación, distribución, etc 1984
300 ## - DESCRIPCIÓN FÍSICA
Extensión 448 p. ;
Dimensiones 22 cm.
590 ## - NOTA LOCAL
Enlace Inventariado, 2022/VM
650 #4 - ENCABEZAMIENTO DE MATERIA--TEMÁTICO
Término temático o nombre geográfico como elemento de entrada Novela estadounidense.
650 #4 - ENCABEZAMIENTO DE MATERIA--TEMÁTICO
Término temático o nombre geográfico como elemento de entrada Medicina
Subdivisión de forma Novela.
910 ## - VALIDACIÓN
Validación VMateo V
942 ## - ADDED ENTRY ELEMENTS (KOHA)
Koha item type Libros
Source of classification or shelving scheme Dewey Decimal Classification
Existencias
Withdrawn status Lost status Source of classification or shelving scheme Damaged status Not for loan Home library Current library Date acquired Source of acquisition Total Checkouts Full call number Barcode Date last seen Price effective from Koha item type
    Dewey Decimal Classification     Biblioteca Pública Metropolitana Salomé Ureña Biblioteca Pública Metropolitana Salomé Ureña 04/28/2022 Rosa Núñez   BPMSU CG 813.5 H151s 1983 BPMSU22040053 04/28/2022 04/28/2022 Libros